[Event "AUTO-OPEN-4317"]
[Site "http://www.queenalice.com/game.php?id=1798926"]
[Date "2022.10.30"]
[Round "3"]
[White "suenteus_po_147"]
[Black "filou"]
[Result "0-1"]
[WhiteElo "2179"]
[BlackElo "2384"]

1. c4 Nf6 2. Nc3 e6 3. e4 d5 4. e5 Nfd7 5. d4 c6 6. Nf3 Be7 7. Bd3 O-O 8. O-O
dxc4 9. Bxc4 c5 10. d5 exd5 11. Nxd5 Nb6 12. Nxb6 Qxb6 13. Qc2 Nc6 14. Bd2 Bg4
15. Bc3 Rad8 16. Rad1 Nd4 17. Bxd4 cxd4 18. b3 Bxf3 19. gxf3 Kh8 20. Bd3 Bg5 21.
Rfe1 Bf4 22. h3 Qh6 23. Bf1 Qg5+ 24. Bg2 Bxe5 25. Qe4 Rfe8 26. Kf1 Re6 27. h4
Qf4 28. Qxb7 a5 29. Re4 Qf6 30. Bh3 Rb6 31. Qa7 Qxf3 32. Qxb6 Qh1+ 33. Ke2 Qxe4+
34. Kf1 Bf6 35. Bg2 Qxh4 36. Re1 g6 37. Qxa5 d3 38. Re4 d2 0-1

[Event "AUTO-OPEN-4317"]
[Site "http://www.queenalice.com/game.php?id=1798927"]
[Date "2022.10.30"]
[Round "3"]
[White "filou"]
[Black "CCapivara"]
[Result "1-0"]
[WhiteElo "2347"]
[BlackElo "2206"]

1. e4 d6 2. d4 Nf6 3. Bd3 e5 4. c3 Be7 5. Nf3 Bg4 6. Nbd2 Nbd7 7. O-O O-O 8. Re1
c6 9. b3 Re8 10. Qc2 Rc8 11. Bb2 Qc7 12. Rac1 Nf8 13. c4 Ng6 14. Bf1 Rcd8 15. h3
Bxf3 16. Nxf3 h6 17. Rcd1 Bf8 18. a4 a5 19. g3 Nd7 20. h4 exd4 21. Nxd4 Nc5 22.
Bg2 Ne6 23. Nxe6 Rxe6 24. f4 Ree8 25. h5 Ne7 26. Kh2 Qd7 27. Bh3 Qc7 28. e5 d5
29. f5 dxc4 30. bxc4 Rxd1 31. Rxd1 Nc8 32. f6 Nb6 33. e6 fxe6 34. Rf1 gxf6 35.
Qg6+ 1-0

[Event "AUTO-OPEN-4317"]
[Site "http://www.queenalice.com/game.php?id=1798928"]
[Date "2022.10.30"]
[Round "3"]
[White "CCapivara"]
[Black "filou"]
[Result "0-1"]
[WhiteElo "2202"]
[BlackElo "2355"]

1. e4 c6 2. d4 d5 3. exd5 cxd5 4. Nf3 Nc6 5. Bd3 Bg4 6. c3 e6 7. O-O Bd6 8. Re1
Nge7 9. Bg5 Qc7 10. h3 Bh5 11. Nbd2 h6 12. Bxe7 Qxe7 13. Qb3 O-O-O 14. a4 g5 15.
Ne5 Bxe5 16. dxe5 Qc7 17. g4 Bg6 18. Bxg6 fxg6 19. Nf3 Kb8 20. a5 a6 21. Nd4
Nxd4 22. cxd4 h5 23. gxh5 gxh5 24. Rec1 Qf7 25. Rc2 h4 26. Rac1 Rd7 27. Qe3 Qf5
28. b4 g4 29. hxg4 Qxg4+ 30. Kh1 Rg8 31. f4 Qf5 32. Rg2 Rxg2 33. Kxg2 Rg7+ 34.
Kf1 h3 35. Rc2 Qxc2 0-1

[Event "AUTO-OPEN-4351"]
[Site "http://www.queenalice.com/game.php?id=1800320"]
[Date "2022.11.21"]
[Round "2"]
[White "cerenzo72"]
[Black "filou"]
[Result "0-1"]
[WhiteElo "2168"]
[BlackElo "2362"]

1. e4 c6 2. Nc3 d5 3. Nf3 Bg4 4. h3 Bh5 5. exd5 cxd5 6. Bb5+ Nc6 7. d4 Bxf3 8.
Qxf3 e6 9. O-O Nf6 10. Ne2 a6 11. Bd3 Nb4 12. c4 Nxd3 13. Qxd3 dxc4 14. Qxc4 Rc8
15. Qb3 Qd7 16. Bg5 Be7 17. Rac1 O-O 18. Be3 Nd5 19. Bd2 b5 20. a3 Bf6 21. Be3
e5 22. dxe5 Bxe5 23. Rfd1 Rc4 24. Rxc4 bxc4 25. Qxc4 Nxe3 26. Rxd7 Nxc4 27. b3
Nxa3 0-1

[Event "AUTO-OPEN-4351"]
[Site "http://www.queenalice.com/game.php?id=1800321"]
[Date "2022.11.21"]
[Round "2"]
[White "filou"]
[Black "cerenzo72"]
[Result "1-0"]
[WhiteElo "2340"]
[BlackElo "2179"]

1. d4 Nf6 2. c4 e6 3. Nf3 Bb4+ 4. Nc3 d5 5. e3 Ne4 6. Qc2 c5 7. Bd3 cxd4 8. exd4
f5 9. O-O O-O 10. cxd5 exd5 11. Nxd5 Qxd5 12. Bc4 Be6 13. Bxd5 Bxd5 14. Ne5 Nc6
15. Nxc6 bxc6 16. f3 Nd6 17. Qa4 c5 18. a3 a5 19. Bf4 cxd4 20. axb4 axb4 21.
Qxb4 Nc4 22. b3 1-0

[Event "AUTO-OPEN-4351"]
[Site "http://www.queenalice.com/game.php?id=1800324"]
[Date "2022.11.21"]
[Round "2"]
[White "CCapivara"]
[Black "filou"]
[Result "0-1"]
[WhiteElo "2294"]
[BlackElo "2374"]

1. e4 c5 2. Nf3 d6 3. d4 cxd4 4. Nxd4 Nf6 5. Nc3 a6 6. Bg5 e6 7. f4 Be7 8. Qf3
Nbd7 9. O-O-O Qc7 10. g4 b5 11. Bxf6 Nxf6 12. g5 Nd7 13. Bd3 b4 14. Nce2 Bb7 15.
h4 O-O-O 16. Kb1 Kb8 17. h5 Nc5 18. h6 g6 19. Rhf1 Rhe8 20. Qe3 f5 21. Ng3 fxe4
22. Nxe4 e5 23. Nb3 Nxd3 24. Qxd3 d5 25. Nf6 Bxf6 26. gxf6 e4 27. Qd4 Rc8 28.
Rd2 a5 29. f5 e3 30. Re2 Ba6 31. Rfe1 Bxe2 32. Rxe2 gxf5 33. Qxd5 f4 34. Nxa5
Re5 35. Nc6+ Qxc6 36. Qxe5+ Rc7 37. a4 Qc4 38. Qh5 b3 39. cxb3 Qxb3 40. a5 Qd1+
41. Ka2 Qa4+ 42. Kb1 Qe4+ 43. Ka2 Qe6+ 44. b3 Qxf6 45. Rg2 Qf7 46. Qb5+ Rb7 47.
Qe5+ Ka8 48. Qc3 Qe6 49. Qd3 f3 50. Rg7 Qxb3+ 51. Qxb3 Rxb3 52. Kxb3 f2 0-1

[Event "AUTO-OPEN-4351"]
[Site "http://www.queenalice.com/game.php?id=1800325"]
[Date "2022.11.21"]
[Round "2"]
[White "filou"]
[Black "CCapivara"]
[Result "1-0"]
[WhiteElo "2333"]
[BlackElo "2175"]

1. d4 d6 2. e4 Nf6 3. Bd3 e5 4. c3 Be7 5. Ne2 O-O 6. O-O c6 7. Ng3 Be6 8. Nd2
Nbd7 9. Nf3 Qc7 10. Re1 Rad8 11. h3 h6 12. Bd2 d5 13. exd5 Bxd5 14. Nxe5 Nxe5
15. dxe5 Nd7 16. Qh5 Rfe8 17. Bxh6 Nf8 18. Bxg7 Kxg7 19. Nf5+ Kg8 20. Qh6 Ne6
21. Nxe7+ Qxe7 22. Qh7+ Kf8 23. Qh8# 1-0

[Event "AUTO-OPEN-4351"]
[Site "http://www.queenalice.com/game.php?id=1811490"]
[Date "2023.5.9"]
[Round "3"]
[White "filou"]
[Black "Kapablanca"]
[Result "1-0"]
[WhiteElo "2399"]
[BlackElo "2048"]

1. d4 d5 2. c4 e6 3. Nf3 c5 4. cxd5 exd5 5. Nc3 Nf6 6. Bg5 Be7 7. dxc5 O-O 8. e3
a6 9. Be2 h6 10. Bxf6 Bxf6 11. Qd2 Be6 12. O-O Nc6 13. Rfd1 Re8 14. Nxd5 Bxd5
15. Qxd5 Qxd5 16. Rxd5 Bxb2 17. Rb1 Ba3 18. Rb3 Bc1 19. Rd1 Na5 20. Rxc1 Nxb3
21. axb3 Rac8 22. b4 Kf8 23. Nd4 b6 24. Bxa6 Rb8 25. c6 1-0

[Event "AUTO-OPEN-4351"]
[Site "http://www.queenalice.com/game.php?id=1811491"]
[Date "2023.5.9"]
[Round "3"]
[White "Kapablanca"]
[Black "filou"]
[Result "0-1"]
[WhiteElo "2069"]
[BlackElo "2392"]

1. d4 d5 2. c4 c6 3. Nc3 Nf6 4. Nf3 e6 5. c5 Nbd7 6. e3 b6 7. b4 a5 8. Ne5 Nxe5
9. dxe5 axb4 10. exf6 bxc3 11. cxb6 Qxb6 12. Bd3 Qa5 13. O-O gxf6 14. Qc2 c5 0-1

[Event "AUTO-OPEN-4364"]
[Site "http://www.queenalice.com/game.php?id=1811758"]
[Date "2023.5.12"]
[Round "2"]
[White "filou"]
[Black "BGM9"]
[Result "1-0"]
[WhiteElo "2400"]
[BlackElo "2149"]

1. e4 c5 2. Nf3 d6 3. d4 cxd4 4. Nxd4 Nf6 5. Nc3 a6 6. Be2 e6 7. f4 Nbd7 8. a4
Be7 9. O-O O-O 10. Be3 Re8 11. Qd2 Qc7 12. Bf3 Nf8 13. a5 Ng6 14. Nb3 Bd7 15.
Bb6 Qb8 16. Rad1 Nh4 17. Be2 Bc6 18. Qe3 Nd7 19. Bd4 e5 20. fxe5 dxe5 21. Bc5
Nxc5 22. Nxc5 Qc7 23. b4 b6 24. axb6 Qxb6 25. Bc4 Rf8 26. Nd5 Bxd5 27. Bxd5 Rac8
28. Kh1 Bxc5 29. bxc5 Qxc5 30. Qxc5 Rxc5 31. Bxf7+ Kh8 32. g3 Ng6 33. Rf2 Rc7
34. Bxg6 Rcc8 35. Rxf8+ Rxf8 36. Bf5 1-0

[Event "AUTO-OPEN-4364"]
[Site "http://www.queenalice.com/game.php?id=1811759"]
[Date "2023.5.12"]
[Round "2"]
[White "BGM9"]
[Black "filou"]
[Result "0-1"]
[WhiteElo "2156"]
[BlackElo "2394"]

1. d4 Nf6 2. c4 g6 3. Nc3 Bg7 4. e4 d6 5. f3 O-O 6. Be3 b6 7. Bd3 Bb7 8. Nge2 c5
9. d5 e6 10. O-O Nbd7 11. Qd2 Ne5 12. Rad1 exd5 13. Nxd5 Nxd5 14. exd5 Nxd3 15.
Qxd3 Bxb2 16. Bh6 Re8 17. Nc3 Qh4 18. Bd2 Ba6 19. Ne4 f5 20. Ng5 Bxc4 0-1

[Event "AUTO-ELITE-2489"]
[Site "http://www.queenalice.com/game.php?id=1817808"]
[Date "2023.8.1"]
[Round "1"]
[White "filou"]
[Black "delphicoracle"]
[Result "0-1"]
[WhiteElo "2397"]
[BlackElo "2470"]

1. d4 d5 2. c4 e6 3. Nf3 Nf6 4. Nc3 Bb4 5. e3 O-O 6. Be2 b6 7. O-O Bb7 8. cxd5
exd5 9. Qc2 Ba6 10. Ne5 Bxe2 11. Nxe2 Re8 12. Ng3 Bd6 13. f4 c5 14. b3 Qc8 15.
Bb2 Nc6 16. Nxc6 Qxc6 17. Rfe1 c4 18. Rac1 b5 19. bxc4 bxc4 20. Bc3 Re7 21. Re2
Rae8 22. Rce1 g6 23. h3 h5 24. Nh1 Ne4 25. Rf1 Rb7 26. Kh2 h4 27. g3 Be7 0-1

[Event "AUTO-ELITE-2489"]
[Site "http://www.queenalice.com/game.php?id=1817809"]
[Date "2023.8.1"]
[Round "1"]
[White "delphicoracle"]
[Black "filou"]
[Result "1-0"]
[WhiteElo "2463"]
[BlackElo "2405"]

1. d4 Nf6 2. Nf3 d5 3. g3 c5 4. Bg2 cxd4 5. O-O e6 6. Nxd4 e5 7. Nb3 Be6 8. c4
Nc6 9. cxd5 Nxd5 10. N1d2 h6 11. Ne4 b6 12. Nc3 Ndb4 13. Be3 Rc8 14. Qxd8+ Nxd8
15. Rfc1 Be7 16. Nd2 O-O 17. a3 Na6 18. Nb5 Bc5 19. Nc4 Bxe3 20. Nxe3 Nc5 21.
Nxa7 Rc7 22. Nb5 Rc8 23. b4 Nb3 24. Rxc8 Bxc8 25. Rb1 Nd4 26. Nxd4 exd4 27. Nd5
Re8 28. Nxb6 1-0

[Event "AUTO-ELITE-2489"]
[Site "http://www.queenalice.com/game.php?id=1817810"]
[Date "2023.8.1"]
[Round "1"]
[White "filou"]
[Black "raulzampronha"]
[Result "1-0"]
[WhiteElo "2403"]
[BlackElo "2294"]

1. e4 c6 2. d4 d5 3. e5 Bf5 4. Be2 e6 5. Nf3 Ne7 6. O-O Nd7 7. c3 h6 8. a4 c5 9.
dxc5 Nxc5 10. Nd4 a6 11. b4 Nd7 12. Nxf5 Nxf5 13. Bd3 Be7 14. Bxf5 1-0

[Event "AUTO-ELITE-2489"]
[Site "http://www.queenalice.com/game.php?id=1817811"]
[Date "2023.8.1"]
[Round "1"]
[White "raulzampronha"]
[Black "filou"]
[Result "1/2-1/2"]
[WhiteElo "2237"]
[BlackElo "2387"]

1. d4 d5 2. c4 c6 3. Nf3 Nf6 4. Nc3 e6 5. Bg5 Be7 6. e3 Nbd7 7. Bd3 O-O 8. O-O
h6 9. Bf4 dxc4 10. Bxc4 b5 11. Bd3 Bb7 12. Qe2 a6 13. Rfd1 c5 14. dxc5 Bxc5 15.
Rac1 Qe7 16. Bb1 Rac8 17. Ne5 Rfd8 18. h3 Nxe5 19. Bxe5 Bb6 20. Rxd8+ Rxd8 21.
Rd1 Nd5 22. Nxd5 exd5 23. Bd4 Bxd4 24. Rxd4 Rc8 25. Rd1 g6 26. Qd2 Qg5 27. f4
Qf6 1/2-1/2

[Event "AUTO-OPEN-4364"]
[Site "http://www.queenalice.com/game.php?id=1819812"]
[Date "2023.8.28"]
[Round "3"]
[White "Rafale2000"]
[Black "filou"]
[Result "0-1"]
[WhiteElo "2047"]
[BlackElo "2391"]

1. e4 c6 2. d4 d5 3. Nc3 e6 4. Bd3 dxe4 5. Bxe4 Nf6 6. Bf3 Be7 7. Bf4 Nbd7 8.
Nge2 Nd5 9. Bg3 O-O 10. O-O b5 11. Nxd5 exd5 12. c3 Nb6 13. Re1 Bf5 14. b3 Qd7
15. Qd2 a5 16. h3 Rfe8 17. Kh2 a4 18. Nf4 Bg5 19. h4 Bh6 20. Rxe8+ Rxe8 21. Re1
g6 22. h5 Rxe1 23. Qxe1 g5 24. Nxd5 cxd5 25. Qe5 Qe6 26. Qb8+ Bf8 27. Bc7 axb3
28. axb3 g4 29. Bxb6 gxf3 30. Bc5 Qc8 31. Qxb5 fxg2 32. Bxf8 Qxc3 0-1

[Event "AUTO-OPEN-4364"]
[Site "http://www.queenalice.com/game.php?id=1819813"]
[Date "2023.8.28"]
[Round "3"]
[White "filou"]
[Black "Rafale2000"]
[Result "1-0"]
[WhiteElo "2389"]
[BlackElo "2043"]

1. d4 Nf6 2. c4 c5 3. d5 d6 4. Nc3 g6 5. e4 Bg7 6. Bd3 Nbd7 7. f4 O-O 8. Nf3 a6
9. O-O Re8 10. h3 b6 11. Be3 e5 12. Bc2 Rb8 13. a4 exf4 14. Bxf4 Nh5 15. Bxd6
Rb7 16. Bh2 Ne5 17. Nxe5 Bxe5 18. Bxe5 Rxe5 19. Qf3 Rbe7 20. d6 Rd7 21. Nd5 Bb7
22. Qc3 Bxd5 23. Qxe5 Bxc4 24. Rfd1 f6 25. Qc3 Kg7 26. Qxc4 a5 27. Qe6 Nf4 28.
Qg4 g5 29. Qf5 Ng6 30. e5 fxe5 31. Qe6 1-0

[Event "AUTO-OPEN-4364"]
[Site "http://www.queenalice.com/game.php?id=1819814"]
[Date "2023.8.28"]
[Round "3"]
[White "josebaron"]
[Black "filou"]
[Result "1/2-1/2"]
[WhiteElo "2229"]
[BlackElo "2409"]

1. e4 c6 2. Nf3 d5 3. exd5 cxd5 4. d4 Nf6 5. Bb5+ Nc6 6. Bxc6+ bxc6 7. O-O e6 8.
Nc3 Bd6 9. Bg5 O-O 10. Ne5 Qc7 11. Bxf6 gxf6 12. Qd2 fxe5 13. Qg5+ 1/2-1/2

[Event "AUTO-OPEN-4364"]
[Site "http://www.queenalice.com/game.php?id=1819815"]
[Date "2023.8.28"]
[Round "3"]
[White "filou"]
[Black "josebaron"]
[Result "1-0"]
[WhiteElo "2382"]
[BlackElo "2216"]

1. d4 d5 2. c4 dxc4 3. e4 e5 4. Nf3 exd4 5. Nxd4 Bb4+ 6. Nc3 Bxc3+ 7. bxc3 Nf6
8. f3 O-O 9. Bxc4 Nc6 10. O-O Ne5 11. Bb3 c5 12. Ne2 b6 13. Bf4 Qe7 14. Ng3 Rd8
15. Qe2 Nd3 16. Be3 Ne5 17. Rad1 Bb7 18. Nf5 Qc7 19. Bf4 h6 20. h3 Kf8 21. Qf2
c4 22. Bc2 Ne8 23. Ba4 f6 24. Qg3 Rxd1 25. Rxd1 1-0

[Event "AUTO-ELITE-2504"]
[Site "http://www.queenalice.com/game.php?id=1824332"]
[Date "2023.11.1"]
[Round "1"]
[White "filou"]
[Black "RaulSoft"]
[Result "1-0"]
[WhiteElo "2385"]
[BlackElo "2281"]

1. d4 d5 2. c4 e6 3. Nc3 Bb4 4. Nf3 Nf6 5. Bg5 Be7 6. e3 dxc4 7. Bxc4 h6 8. Bh4
a6 9. O-O O-O 10. Qc2 Nbd7 11. Rfd1 b5 12. Bd3 Bb7 13. Rac1 b4 14. Ne4 Rc8 15.
Nxf6+ Bxf6 16. Bxf6 1-0

[Event "AUTO-ELITE-2504"]
[Site "http://www.queenalice.com/game.php?id=1824333"]
[Date "2023.11.1"]
[Round "1"]
[White "RaulSoft"]
[Black "filou"]
[Result "0-1"]
[WhiteElo "2272"]
[BlackElo "2394"]

1. d4 d5 2. c4 e6 3. Nc3 Nf6 4. cxd5 exd5 5. Bg5 c6 6. h3 Bd6 7. e3 O-O 8. Bd3
Be6 9. Nf3 Nbd7 10. O-O h6 11. Bh4 Qc7 12. Rc1 a6 13. a3 Rac8 14. Qe1 Rfe8 15.
Qd1 b5 0-1

[Event "AUTO-ELITE-2504"]
[Site "http://www.queenalice.com/game.php?id=1824334"]
[Date "2023.11.1"]
[Round "1"]
[White "filou"]
[Black "FLEURY"]
[Result "0-1"]
[WhiteElo "2389"]
[BlackElo "2671"]

1. d4 Nf6 2. c4 e6 3. Nc3 d5 4. Nf3 c6 5. e3 Nbd7 6. cxd5 exd5 7. Bd3 Bd6 8. O-O
O-O 9. Re1 Re8 10. Qc2 Nf8 11. a4 Bg4 12. Ne5 Bxe5 13. dxe5 Rxe5 14. h3 Bd7 15.
b3 Nh5 16. Rd1 Qe7 17. Ne2 Ng6 18. Bb2 Rg5 19. Kh1 c5 20. Rg1 Re8 21. Rae1 Bc6
22. Bb5 Bxb5 23. axb5 Nh4 24. Rd1 d4 25. Bc1 Re5 26. Bb2 b6 27. b4 Qb7 28. bxc5
bxc5 29. Bc1 Qxb5 30. Qd3 Qb7 31. Ng3 Nxg3+ 32. fxg3 Nf5 33. exd4 Nxd4 34. Bf4
Re4 35. Ra1 c4 36. Qxc4 Ne2 37. Qa6 Qxa6 38. Rxa6 Nxg1 39. Kxg1 Ra8 40. Kf2 Re6
41. Ra4 a6 42. Be3 h5 43. g4 Rae8 0-1

[Event "AUTO-ELITE-2504"]
[Site "http://www.queenalice.com/game.php?id=1824335"]
[Date "2023.11.1"]
[Round "1"]
[White "FLEURY"]
[Black "filou"]
[Result "1-0"]
[WhiteElo "2644"]
[BlackElo "2393"]

1. e4 e5 2. Nf3 Nc6 3. Bc4 Nf6 4. d3 Be7 5. O-O O-O 6. c3 d5 7. exd5 Nxd5 8. a4
Bg4 9. a5 a6 10. Re1 Qd6 11. h3 Bh5 12. Nbd2 Nf6 13. Qe2 Rfe8 14. Ne4 Nxe4 15.
dxe4 Rad8 16. b4 Nb8 17. g4 Bg6 18. Ra2 Nd7 19. Rd1 Qc6 20. Bd5 Qb5 21. Qxb5
axb5 22. Bxb7 f6 23. Be3 Bf7 24. Rad2 Bd6 25. a6 Nb6 26. Bxb6 1-0